Missing Word: The Wedding Singer Soundtrack Quiz Stats

Quiz Updated Jan 6, 2018

Challenge
Share
Tweet
Embed
Score 0/24 Timer 04:00
0 Plays Today
Song Missing Word % Correct
Do You ____ Want To Hurt MeReally
95.9%
____ StinksLove
91.2%
____ Killed The Radio StarVideo
91.1%
Every Little Thing She Does Is ____Magic
88%
Grow ____ With YouOld
87%
You ____ Me Round (Like A Record)Spin
85.7%
Money (That's What I ____)Want
84.4%
It's ____ I Can DoAll
83%
____ WeddingWhite
79.7%
Just Can't Get ____Enough
79.3%
Rapper's ____Delight
70.4%
How Soon Is ____ ?Now
56.8%
Song Missing Word % Correct
____ The DutchiePass
54.1%
China ____Girl
53.9%
____ Me NowHold
49.3%
____ MondayBlue
47.5%
Everyday I Write The ____Book
36%
____ IdahoPrivate
32.5%
Too ____Shy
23.7%
Love My ____Way
17.2%
____ Age Love SongSpace
16.8%
You Make My ____Dreams
15.3%
Somebody ____ MeKill
15%
Have You ____ Anything Lately?Written
6%

Today's Daily Dose

Missing 'O' Word in Every Category

On This Day
April 19th II

You're not logged in!

Compare scores with friends on all Sporcle quizzes.
Sign Up with Email
OR
Log In

You Might Also Like...

Show Comments

Extras

Top Quizzes Today


Score Distribution

Your Account Isn't Verified!

In order to create a playlist on Sporcle, you need to verify the email address you used during registration. Go to your Sporcle Settings to finish the process.

Report this User

Report this user for behavior that violates our Community Guidelines.

Details: